[Event "Mondiale Lampo FIDE 2019"]
[Site "Mosca"]
[Date "30.12.2019"]
[Round "20.62"]
[White "Bosiocic, Marin"]
[Black "Sadhwani, Raunak"]
[Result "0-1"]
[WhiteTitle "GM"]
[BlackTitle "IM"]
[WhiteElo "2623"]
[BlackElo "2507"]
[WhiteFideId "14507927"]
[BlackFideId "35093487"]
[EventDate "2019.12.29"]

1. d4 Nf6 2. Nf3 e6 3. c4 Nc6 4. g3 Bb4+ 5. Bd2 Qe7 6. Bg2 Bxd2+ 7. Nbxd2 d6 8.
O-O a5 9. e4 e5 10. d5 Nb8 11. Qa4+ Bd7 12. Qb3 b6 13. c5 dxc5 14. Nc4 a4 15.
Qc2 Bb5 16. Nfxe5 O-O 17. Rfe1 Nbd7 18. Nxd7 Nxd7 19. e5 Bxc4 20. Qxc4 Rab8 21.
f4 b5 22. Qc3 c4 23. Rad1 Nc5 24. Qb4 Rfe8 25. Bf1 h5 26. h4 Nd7 27. Qxe7 Rxe7
28. Kf2 a3 29. bxa3 Ra8 30. Re3 Nc5 31. Kf3 Kf8 32. Rb1 Ra5 33. a4 Nxa4 34. Ke4
Rd7 35. e6 Nc5+ 36. Kf3 fxe6 37. dxe6 Re7 38. f5 g6 39. Re5 Nd3 40. Bxd3 cxd3
41. fxg6 c6 42. Ke3 Kg7 43. Rf1 Rxa2 44. Rf7+ Rxf7 45. gxf7 Re2+ 0-1

[Event "Mondiale Lampo FIDE 2019"]
[Site "Mosca"]
[Date "30.12.2019"]
[Round "20.63"]
[White "Murzin, Volodar"]
[Black "Pigusov, Evgeny"]
[Result "1-0"]
[WhiteTitle "IM"]
[BlackTitle "GM"]
[WhiteElo "2442"]
[BlackElo "2555"]
[WhiteFideId "44155573"]
[BlackFideId "4100514"]
[EventDate "2019.12.29"]

1. e4 c5 2. Nf3 Nc6 3. Bb5 g6 4. Bxc6 dxc6 5. d3 Bg7 6. Nbd2 Nf6 7. O-O O-O 8.
Re1 Bg4 9. h3 Bxf3 10. Nxf3 Ne8 11. e5 Nc7 12. Re4 Ne6 13. Be3 Qd7 14. a4 f5 15.
exf6 exf6 16. Bd2 f5 17. Re1 Rfe8 18. Bc3 Nd4 19. Bxd4 Bxd4 20. c3 Bf6 21. Qb3+
Qf7 22. Qc4 Qxc4 23. dxc4 Kf7 24. Kf1 h5 25. Rxe8 Rxe8 26. Rd1 g5 27. Ne1 Rd8
28. Nd3 b6 29. Ne5+ 1-0

[Event "Mondiale Lampo FIDE 2019"]
[Site "Mosca"]
[Date "30.12.2019"]
[Round "20.64"]
[White "Shcherbakov, Ruslan"]
[Black "Petrosyan, Manuel"]
[Result "1-0"]
[WhiteTitle "GM"]
[BlackTitle "GM"]
[WhiteElo "2527"]
[BlackElo "2613"]
[WhiteFideId "4102240"]
[BlackFideId "13300857"]
[EventDate "2019.12.29"]

1. e4 c6 2. d4 d5 3. e5 Bf5 4. h4 h5 5. Bd3 Bxd3 6. Qxd3 e6 7. Bg5 Be7 8. Nf3
Nh6 9. Bxh6 Rxh6 10. Nbd2 Nd7 11. c4 dxc4 12. Nxc4 Nb6 13. Ne3 Nd5 14. g3 Rg6
15. Ng2 Qa5+ 16. Ke2 Rg4 17. Rhd1 O-O-O 18. Kf1 g5 19. hxg5 Bxg5 20. Qh7 Qb5+
21. Kg1 Qe2 22. Qxf7 Rd7 23. Qf8+ Rd8 24. Qf7 Rd7 25. Qf8+ Rd8 26. Qf7 Ne3 27.
Re1 Qxb2 28. Rab1 Rd7 29. Qxd7+ Kxd7 30. Rxb2 Nxg2 31. Kxg2 b6 32. Nxg5 1-0

[Event "Mondiale Lampo FIDE 2019"]
[Site "Mosca"]
[Date "30.12.2019"]
[Round "20.65"]
[White "Turov, Maxim"]
[Black "Rozum, Ivan"]
[Result "0-1"]
[WhiteTitle "GM"]
[BlackTitle "GM"]
[WhiteElo "2574"]
[BlackElo "2573"]
[WhiteFideId "4120086"]
[BlackFideId "24104272"]
[EventDate "2019.12.29"]

1. d4 Nf6 2. Nf3 d6 3. g3 g6 4. Bg2 Bg7 5. O-O O-O 6. Re1 Nbd7 7. e4 e5 8. Nc3
c6 9. a4 Qc7 10. a5 Re8 11. h3 Rb8 12. dxe5 dxe5 13. Nd2 b5 14. axb6 axb6 15.
Nc4 Bf8 16. Be3 b5 17. Ra7 Rb7 18. Rxb7 Bxb7 19. Nd2 Nc5 20. Nb3 Ne6 21. Qf3 Be7
22. h4 b4 23. Ne2 c5 24. c3 Bxe4 0-1

[Event "Mondiale Lampo FIDE 2019"]
[Site "Mosca"]
[Date "30.12.2019"]
[Round "20.66"]
[White "Kazhgaleyev, Murtas"]
[Black "Sethuraman, S.P."]
[Result "1/2-1/2"]
[WhiteTitle "GM"]
[BlackTitle "GM"]
[WhiteElo "2569"]
[BlackElo "2638"]
[WhiteFideId "13700316"]
[BlackFideId "5021596"]
[EventDate "2019.12.29"]

1. d4 d6 2. e4 g6 3. Nc3 Bg7 4. g3 Nf6 5. Bg2 Na6 6. h3 c5 7. Nge2 O-O 8. Be3
cxd4 9. Bxd4 Nb4 10. O-O Nc6 11. Be3 Bd7 12. Qd2 Ne5 13. Qc1 Nc4 14. Bf4 Rc8 15.
b3 Ne5 16. Be3 Qa5 17. f4 Nc6 18. a3 Nh5 19. b4 Qd8 20. g4 Ng3 21. Nxg3 Bxc3 22.
Rb1 Nd4 23. Qd1 Qb6 24. Kh1 Rc4 25. Ne2 e5 26. Rb3 Qc7 27. Rxc3 Rxc3 28. Nxc3
Qxc3 29. Bxd4 exd4 30. Rf3 Qc7 31. Qxd4 Qxc2 32. Rc3 Qb2 33. Rd3 Qc1+ 34. Rd1
Qxf4 35. Qxd6 Qxd6 36. Rxd6 Be6 37. e5 b6 38. Bd5 Bxd5+ 39. Rxd5 Re8 40. Kg2 Kf8
41. Kf3 Ke7 42. b5 Rc8 43. a4 Rc4 44. a5 bxa5 45. Rd6 Rb4 46. Ra6 Rxb5 47. Ke4
Rb4+ 48. Kd5 Rb5+ 49. Ke4 Rb7 50. Rxa5 Kd7 51. Ra6 Kc7 52. Kf4 h6 53. Rf6 Kb8
54. e6 g5+ 55. Ke4 fxe6 56. Rxh6 a5 57. Rxe6 a4 58. Ra6 Ra7 59. Rb6+ Kc7 60. Rb2
a3 61. Ra2 Ra5 62. Kf3 Kd6 63. Kg3 Kc5 64. h4 Kb4 65. hxg5 Rxg5 66. Kf4 Rc5 67.
g5 Kb3 68. Ra1 Kb2 69. Rxa3 Kxa3 70. g6 Kb4 71. g7 Rc8 72. Ke5 Kc5 73. Ke6 Kc6
74. Kf7 Kd7 1/2-1/2

[Event "Mondiale Lampo FIDE 2019"]
[Site "Mosca"]
[Date "30.12.2019"]
[Round "20.67"]
[White "Gajewski, Grzegorz"]
[Black "Atabayev, Maksat"]
[Result "1-0"]
[WhiteTitle "GM"]
[BlackTitle "GM"]
[WhiteElo "2626"]
[BlackElo "2475"]
[WhiteFideId "1116207"]
[BlackFideId "14001101"]
[EventDate "2019.12.29"]

1. e4 c5 2. Nf3 Nc6 3. Bb5 g6 4. O-O Bg7 5. Bxc6 dxc6 6. h3 e5 7. d3 Qe7 8. Nc3
Nf6 9. Be3 Nd7 10. a3 Nf8 11. Qb1 Ne6 12. b4 O-O 13. bxc5 Nd4 14. Bxd4 exd4 15.
Na4 Rb8 16. Qb4 b5 17. cxb6 Qxb4 18. axb4 axb6 19. Rfc1 f5 20. e5 Rd8 21. c3
dxc3 22. Rxc3 Ra8 23. Rcc1 Rxd3 24. Nxb6 Rxa1 25. Rxa1 Be6 26. Ra8+ Bf8 27. Ng5
Bb3 28. e6 Kg7 29. Ra7+ Kf6 30. Nxh7+ Kxe6 31. Nxf8+ Kf6 32. f4 1-0

[Event "Mondiale Lampo FIDE 2019"]
[Site "Mosca"]
[Date "30.12.2019"]
[Round "20.68"]
[White "Baron, Tal"]
[Black "Sjugirov, Sanan"]
[Result "0-1"]
[WhiteTitle "GM"]
[BlackTitle "GM"]
[WhiteElo "2541"]
[BlackElo "2665"]
[WhiteFideId "2809958"]
[BlackFideId "4189302"]
[EventDate "2019.12.29"]

1. Nf3 d5 2. d4 Nf6 3. Bf4 c5 4. e3 Nc6 5. Nbd2 cxd4 6. exd4 Qb6 7. Nb3 Bg4 8.
a4 a6 9. a5 Qd8 10. Be2 e6 11. O-O Bxf3 12. Bxf3 Bd6 13. Qd2 O-O 14. Rfe1 Rc8
15. c3 Bxf4 16. Qxf4 Nd7 17. h4 h6 18. h5 Qc7 19. Qh4 Rfe8 20. Re3 Ne7 21. Qh2
Nf5 22. Re2 Nd6 23. Nd2 Nf6 24. Qg3 Red8 25. Ree1 Kf8 26. Be2 Rb8 27. Bd3 Nxh5
28. Qh4 Nf6 29. Nf3 Nd7 30. Re3 Rbc8 31. Rae1 Qxa5 32. Ng5 hxg5 33. Qh8+ Ke7 34.
Qxg7 Ne4 35. Bxe4 Rg8 36. Qh7 Nf6 37. Qh6 dxe4 38. Rg3 Qf5 39. Qh2 g4 0-1

[Event "Mondiale Lampo FIDE 2019"]
[Site "Mosca"]
[Date "30.12.2019"]
[Round "20.69"]
[White "Sutovsky, Emil"]
[Black "Sek, Konstantin"]
[Result "1/2-1/2"]
[WhiteTitle "GM"]
[WhiteElo "2643"]
[BlackElo "2446"]
[WhiteFideId "2802007"]
[BlackFideId "24104302"]
[EventDate "2019.12.29"]

1. e4 e5 2. Nf3 Nc6 3. Bb5 a6 4. Ba4 d6 5. O-O Bg4 6. h3 h5 7. Bxc6+ bxc6 8. Qe2
Qf6 9. Qc4 Ne7 10. Qb3 Ng6 11. Nh2 Bd7 12. d4 exd4 13. f4 Be7 14. f5 Ne5 15. Nf3
c5 16. Nbd2 Bc6 17. Nxe5 dxe5 18. Qg3 Bb5 19. Rf2 h4 20. Qb3 Bc6 21. Qd3 Bb5 22.
Qb3 Bc6 23. Qd3 Bb5 24. c4 dxc3 25. Qxc3 Rd8 26. Nf3 Rd1+ 27. Kh2 Rd3 28. Qc2
Qd6 29. Bd2 Bc6 30. Re1 g6 31. Bc3 Bf6 32. Nd2 gxf5 33. Nc4 Qd8 34. Bxe5 Rg3 35.
Rxf5 Bxe5 36. Nxe5 Rhg8 37. Re2 Qd6 38. Qc4 R8g7 39. Qxa6 Rxg2+ 40. Rxg2 Rxg2+
41. Kh1 Qd1+ 42. Kxg2 Bxe4+ 43. Kf2 Qd2+ 44. Kf1 Bxf5 45. Qc6+ Kf8 46. Qxc5+ Kg7
47. Ng4 Qd3+ 48. Kg2 Qg3+ 49. Kf1 Bd3# 1/2-1/2

[Event "Mondiale Lampo FIDE 2019"]
[Site "Mosca"]
[Date "30.12.2019"]
[Round "20.70"]
[White "Novikov, Stanislav"]
[Black "Alonso Rosell, Alvar"]
[Result "0-1"]
[WhiteTitle "GM"]
[BlackTitle "GM"]
[WhiteElo "2531"]
[BlackElo "2548"]
[WhiteFideId "4125371"]
[BlackFideId "2270544"]
[EventDate "2019.12.29"]

1. e4 c5 2. Nf3 d6 3. d4 cxd4 4. Nxd4 Nf6 5. Nc3 a6 6. Be3 e5 7. Nb3 Be6 8. Qd2
Be7 9. f4 exf4 10. Bxf4 Nc6 11. O-O-O Ne5 12. h3 Nfd7 13. g4 Rc8 14. Kb1 O-O 15.
g5 Nb6 16. h4 Nbc4 17. Bxc4 Nxc4 18. Qg2 Na3+ 19. Ka1 Rxc3 20. bxc3 Qc7 21. Rd3
a5 22. Bc1 Nb5 23. Bd2 Qc4 24. h5 a4 25. Nc1 Na3 26. g6 Qb5 27. Nb3 Nxc2+ 28.
Kb2 Qxd3 29. h6 a3+ 30. Kc1 fxg6 31. hxg7 Rf7 32. e5 Ne3 33. Bxe3 Qxc3+ 34. Kd1
Qxe3 35. Nd2 Rf2 0-1

[Event "Mondiale Lampo FIDE 2019"]
[Site "Mosca"]
[Date "30.12.2019"]
[Round "20.71"]
[White "Pashikian, Arman"]
[Black "Kovalev, Vladislav"]
[Result "1-0"]
[WhiteTitle "GM"]
[BlackTitle "GM"]
[WhiteElo "2605"]
[BlackElo "2662"]
[WhiteFideId "13301578"]
[BlackFideId "13504398"]
[EventDate "2019.12.29"]

1. d4 Nf6 2. c4 e6 3. Nf3 d5 4. g3 Be7 5. Bg2 O-O 6. O-O dxc4 7. Qc2 a6 8. a4
Bd7 9. Qxc4 Bc6 10. Bg5 Bd5 11. Qd3 Be4 12. Qe3 Nbd7 13. Nc3 Bc6 14. Qd3 a5 15.
e4 Nc5 16. Qe3 Ncxe4 17. Nxe4 Nxe4 18. Bxe7 Qxe7 19. Ne5 Nf6 20. Bxc6 bxc6 21.
Nxc6 Qd6 22. Rac1 Ra6 23. Ne5 Rb8 24. Qc3 Nd5 25. Qf3 f6 26. Nd3 Rb3 27. Qe4
Rab6 28. Rfe1 f5 29. Qe2 Nf6 30. Nc5 Rxb2 31. Qxe6+ Qxe6 32. Nxe6 c6 33. Rc5 Ne4
34. Rxf5 Nf6 35. Rxa5 h6 36. Ra7 Rb7 37. Rxb7 Rxb7 38. a5 Nd5 39. a6 Ra7 40. Nc5
Nb4 41. Rb1 Nc2 42. Rb7 Ra8 43. a7 Kh7 44. Ne6 1-0

[Event "Mondiale Lampo FIDE 2019"]
[Site "Mosca"]
[Date "30.12.2019"]
[Round "20.72"]
[White "Khusnutdinov, Rustam"]
[Black "Reshetnikov, Alexey"]
[Result "1-0"]
[WhiteTitle "GM"]
[BlackTitle "IM"]
[WhiteElo "2491"]
[BlackElo "2492"]
[WhiteFideId "13701703"]
[BlackFideId "4162080"]
[EventDate "2019.12.29"]

1. e4 c5 2. Nc3 Nc6 3. Bb5 Nd4 4. Nf3 g6 5. Nxd4 cxd4 6. Ne2 Bg7 7. O-O a6 8.
Ba4 b5 9. Bb3 Bb7 10. d3 d6 11. a4 Qb6 12. c3 dxc3 13. bxc3 Nf6 14. Be3 Qd8 15.
h3 O-O 16. Qd2 Re8 17. Rfb1 Nd7 18. Nd4 Nc5 19. axb5 axb5 20. Rxa8 Qxa8 21. Nxb5
Nxb3 22. Rxb3 Qa4 23. Qb2 Bc6 24. Nd4 Bd7 25. Rb7 Rc8 26. Kh2 Be5+ 27. f4 Bf6
28. Ne2 Bc6 29. Ra7 Qd1 30. Qd2 Qxd2 31. Bxd2 Rb8 32. Ra2 Rb1 33. Be3 Rd1 34.
Rd2 Re1 35. Bd4 e5 36. fxe5 dxe5 37. Be3 h5 38. Ng1 h4 39. Nf3 Rc1 40. c4 Rc3
41. Bg5 Bxg5 42. Nxg5 f6 43. Nf3 g5 44. Kg1 Kg7 45. Kf2 Kg6 46. Ke3 Kh5 47. Ra2
Bb7 48. Ra7 Rb3 49. Nd2 Rb2 50. c5 g4 51. Nc4 Rxg2 52. hxg4+ Kxg4 53. Rxb7 Rg3+
54. Ke2 h3 55. Rg7+ Kf4 56. Rxg3 Kxg3 57. Ne3 1-0

[Event "Mondiale Lampo FIDE 2019"]
[Site "Mosca"]
[Date "30.12.2019"]
[Round "20.73"]
[White "Huzman, Alexander"]
[Black "Khanin, Semen"]
[Result "0-1"]
[WhiteTitle "GM"]
[BlackTitle "IM"]
[WhiteElo "2567"]
[BlackElo "2500"]
[WhiteFideId "2803828"]
[BlackFideId "4111990"]
[EventDate "2019.12.29"]

1. d4 Nf6 2. Nf3 g6 3. g3 Bg7 4. Bg2 O-O 5. O-O d5 6. Nbd2 c5 7. dxc5 Nbd7 8.
Nb3 Qc7 9. c3 a5 10. a4 Nxc5 11. Bf4 Qb6 12. Nxc5 Qxc5 13. Be5 Ne4 14. Bxg7 Kxg7
15. Qd4+ Qxd4 16. Nxd4 Nf6 17. Rfd1 Rd8 18. Nb5 Ra6 19. e3 Rc6 20. Rd2 e5 21. e4
Be6 22. Rad1 d4 23. cxd4 Bb3 24. Ra1 Rc4 25. Bf1 Nxe4 26. Re2 Ng5 27. dxe5 Rxa4
28. Rxa4 Bxa4 29. Nc3 Bc6 30. Bg2 Nf3+ 31. Kh1 g5 32. h3 h5 33. Re3 g4 34. e6
fxe6 35. Rxe6 Rd2 0-1

[Event "Mondiale Lampo FIDE 2019"]
[Site "Mosca"]
[Date "30.12.2019"]
[Round "20.74"]
[White "Suleymanli, Aydin"]
[Black "Ruck, Robert"]
[Result "1-0"]
[WhiteTitle "IM"]
[BlackTitle "GM"]
[WhiteElo "2473"]
[BlackElo "2530"]
[WhiteFideId "13413937"]
[BlackFideId "705713"]
[EventDate "2019.12.29"]

1. d4 Nf6 2. Nf3 g6 3. c4 Bg7 4. g3 c6 5. Bg2 d5 6. Nc3 dxc4 7. O-O O-O 8. a4 a5
9. b3 cxb3 10. Qxb3 Na6 11. Ba3 Rb8 12. Rfd1 Be6 13. Qc2 Nb4 14. Qb2 Nbd5 15.
Ne5 Nxc3 16. Qxc3 Bd5 17. f3 Be6 18. e4 Nd7 19. f4 Nf6 20. Rab1 Ne8 21. Bc5 Nd6
22. Bb6 Qc8 23. Qxa5 Bh3 24. Bf3 Kh8 25. Qb4 f5 26. exf5 Bxf5 27. Rbc1 Be4 28.
Bxe4 Nxe4 29. Qxe7 Nf6 30. d5 Qh3 31. dxc6 bxc6 32. Qc5 Ne4 33. Qe3 Nf6 34. Bc5
Rfe8 35. Rd2 Nd5 36. Qf3 Kg8 37. Nxc6 Nc3 38. Ne5 Nb1 1-0

[Event "Mondiale Lampo FIDE 2019"]
[Site "Mosca"]
[Date "30.12.2019"]
[Round "20.75"]
[White "Tsvetkov, Andrey"]
[Black "Vokhidov, Shamsiddin"]
[Result "0-1"]
[WhiteTitle "FM"]
[BlackTitle "IM"]
[WhiteElo "2350"]
[BlackElo "2526"]
[WhiteFideId "34139360"]
[BlackFideId "14204223"]
[EventDate "2019.12.29"]

1. d4 d5 2. c4 e6 3. Nc3 Bb4 4. e3 Nf6 5. a3 Bxc3+ 6. bxc3 c6 7. Nf3 O-O 8. Bd3
b6 9. O-O Ba6 10. Ne5 Nfd7 11. Nxd7 Nxd7 12. cxd5 Bxd3 13. Qxd3 cxd5 14. c4 Nf6
15. cxd5 Qxd5 16. Bb2 Rac8 17. Rfc1 Qb7 18. f3 Rfd8 19. Rxc8 Rxc8 20. Rc1 Rxc1+
21. Bxc1 Qc6 22. Bb2 b5 23. e4 Nd7 24. d5 exd5 25. exd5 Qc5+ 26. Kf1 Nb6 27. Qd4
Qc4+ 28. Kf2 Qc2+ 29. Kf1 f6 30. d6 Qc6 31. Bc3 Kf7 32. Kf2 a6 33. Bb4 Nd7 34.
Qe3 Qb6 35. Qxb6 Nxb6 36. Ke3 a5 37. Bc5 Nd7 38. Kd4 Ke6 39. f4 f5 40. g3 g6 41.
h3 h6 42. g4 h5 43. g5 h4 44. Ba7 Kxd6 45. Kc3 Kd5 46. Bf2 Ke4 47. Bxh4 Kxf4 48.
Kd4 b4 49. axb4 axb4 50. Kc4 Ne5+ 51. Kxb4 Nf3 52. Bf2 Nxg5 53. h4 Nf3 54. Kc4
Kg4 55. Kd3 Nxh4 56. Bc5 f4 57. Ke2 g5 58. Be7 Ng6 59. Bd8 Kf5 60. Kf2 g4 0-1

[Event "Mondiale Lampo FIDE 2019"]
[Site "Mosca"]
[Date "30.12.2019"]
[Round "20.76"]
[White "Yanchenko, Roman"]
[Black "Narayanan, Srinath"]
[Result "1-0"]
[WhiteTitle "FM"]
[BlackTitle "GM"]
[WhiteElo "2463"]
[BlackElo "2529"]
[WhiteFideId "4137329"]
[BlackFideId "5018420"]
[EventDate "2019.12.29"]

1. d4 Nf6 2. c4 c5 3. e3 cxd4 4. exd4 d5 5. Nc3 g6 6. Nf3 Bg7 7. h3 O-O 8. c5
Nc6 9. Be2 b6 10. cxb6 axb6 11. O-O Ne4 12. Be3 Nxc3 13. bxc3 Ba6 14. Nd2 Na5
15. Rb1 Qc7 16. Bxa6 Rxa6 17. Qe2 Rfa8 18. Rfc1 Nc4 19. Nxc4 Qxc4 20. Qxc4 dxc4
21. Rb4 b5 22. Rxb5 Rxa2 23. Rc5 R2a4 24. Rb1 e6 25. g3 Bf8 26. Rc6 Ra1 27. Rxa1
Rxa1+ 28. Kg2 Ra4 29. Rc8 Kg7 30. d5 exd5 31. Bd4+ f6 32. Rc7+ Kg8 33. Bxf6 Ra6
34. Bd4 Re6 35. Rd7 Rd6 36. Rb7 Re6 37. f4 Re7 38. Rb8 Kf7 39. Rd8 Rb7 40. Rxd5
Be7 41. Kf3 Rb1 42. Rd7 Ke6 43. Rc7 h5 44. Rxc4 Kd5 45. Rc7 Ke6 46. Rc6+ Kf7 47.
Be5 Rd1 48. Ra6 Rd3+ 49. Kg2 h4 50. gxh4 Bxh4 51. c4 Rg3+ 52. Kh2 Rd3 53. Rd6
Ra3 54. Rb6 Rd3 55. Rb2 Bg3+ 56. Kg2 g5 57. Rb7+ Ke6 58. Rb6+ Kf5 59. Rf6+ Ke4
60. Rd6 Ra3 61. Rd4+ Kf5 62. Rd5 Ke4 63. Bd6 Rc3 64. fxg5 Be1 65. Re5+ 1-0

[Event "Mondiale Lampo FIDE 2019"]
[Site "Mosca"]
[Date "30.12.2019"]
[Round "20.77"]
[White "Gasanov, Eldar"]
[Black "Triapishko, Alexandr"]
[Result "1-0"]
[WhiteTitle "GM"]
[BlackTitle "IM"]
[WhiteElo "2481"]
[BlackElo "2502"]
[WhiteFideId "14104466"]
[BlackFideId "14122286"]
[EventDate "2019.12.29"]

1. d4 Nf6 2. c4 g6 3. Nc3 d5 4. Bf4 Bg7 5. e3 O-O 6. Qb3 c5 7. cxd5 cxd4 8. exd4
Nbd7 9. Be2 Nb6 10. Bf3 Bg4 11. Bxg4 Nxg4 12. Nf3 Nf6 13. d6 exd6 14. O-O Qd7
15. Rfe1 Rac8 16. Nb5 Nfd5 17. Bxd6 Rfe8 18. Be5 f6 19. Bg3 Rxe1+ 20. Rxe1 Re8
21. Rxe8+ Qxe8 22. Nxa7 Qe4 23. h3 Bh6 24. Nb5 Qe6 25. Nd6 f5 26. Be5 Bf4 27.
Bxf4 Nxf4 28. Qxe6+ Nxe6 29. Nxb7 Na4 30. b3 Nc3 31. a4 Ne2+ 32. Kf1 Nc1 33. b4
Na2 34. Nc5 Nf4 35. b5 Nd5 36. a5 Nac3 37. b6 1-0

[Event "Mondiale Lampo FIDE 2019"]
[Site "Mosca"]
[Date "30.12.2019"]
[Round "20.78"]
[White "Yilmaz, Mustafa"]
[Black "Bocharov, Dmitry"]
[Result "0-1"]
[WhiteTitle "GM"]
[BlackTitle "GM"]
[WhiteElo "2604"]
[BlackElo "2524"]
[WhiteFideId "6302718"]
[BlackFideId "4138716"]
[EventDate "2019.12.29"]

1. e4 c5 2. Nf3 e6 3. d4 cxd4 4. Nxd4 a6 5. Bd3 Nf6 6. O-O Qc7 7. Qe2 d6 8. c4
g6 9. Nc3 Bg7 10. Nf3 Nbd7 11. Bd2 O-O 12. Rac1 b6 13. b3 Bb7 14. Rfd1 Rac8 15.
h3 Rfe8 16. Bf4 Nh5 17. Be3 Qb8 18. Qd2 Nc5 19. Bb1 Red8 20. Bg5 Nf6 21. Qf4 Nh5
22. Qh4 f6 23. Be3 Bh8 24. Nd4 Ng7 25. Bh6 Re8 26. Nde2 Qc7 27. Be3 f5 28. b4
Nd7 29. Bf4 e5 30. Nd5 Bxd5 31. cxd5 Qb7 32. Bg5 f4 33. Qg4 Nh5 34. Bd3 Nhf6 35.
Qf3 Bg7 36. g3 fxg3 37. fxg3 Rf8 38. Qe3 b5 39. Kg2 Nb6 40. Rxc8 Rxc8 41. Rf1
Rf8 42. Qc1 Nbxd5 43. Kg1 Nxb4 44. Bb1 Nc6 45. Qd2 Qb6+ 46. Kg2 Nd4 47. Be3 Nd7
48. Rxf8+ Nxf8 49. Bxd4 exd4 50. Nf4 Qc5 51. a3 Bh6 52. Ba2+ Kg7 53. Qf2 Bxf4
54. Qxf4 Qc2+ 55. Qf2 Qxf2+ 56. Kxf2 Nd7 0-1

[Event "Mondiale Lampo FIDE 2019"]
[Site "Mosca"]
[Date "30.12.2019"]
[Round "20.79"]
[White "Afanasiev, Nikita"]
[Black "Atabayev, Saparmyrat"]
[Result "0-1"]
[WhiteTitle "IM"]
[BlackTitle "IM"]
[WhiteElo "2517"]
[BlackElo "2425"]
[WhiteFideId "24183555"]
[BlackFideId "14000571"]
[EventDate "2019.12.29"]

1. Nf3 Nf6 2. c4 e6 3. b3 d5 4. e3 Be7 5. Bb2 c5 6. cxd5 exd5 7. Bb5+ Bd7 8. Qe2
Nc6 9. O-O O-O 10. d4 a6 11. Bxc6 Bxc6 12. Nc3 Ne4 13. dxc5 Nxc3 14. Bxc3 Bb5
15. Qb2 Bxf1 16. Rxf1 f6 17. b4 Qc7 18. Rd1 Rfd8 19. Qb3 Kh8 20. Rxd5 Rxd5 21.
Qxd5 Rd8 22. Qb3 a5 23. a3 axb4 24. axb4 b6 25. cxb6 Qxb6 26. Nd4 Rb8 27. Nc2
Qc6 28. Nd4 Qb6 29. Nc2 Qc6 30. Nd4 Qb7 31. Nc2 Qc7 32. Bd2 Qd7 33. Nd4 Qb7 34.
Nc2 Bd6 35. g3 Qf3 36. Nd4 Qe4 37. Qc2 Qd5 38. Qb2 Qb7 39. Nc2 Qd5 40. Nd4 Ra8
41. h4 Qc4 42. Qc3 Qxc3 43. Bxc3 Rb8 44. b5 Bc5 45. Ne6 Rxb5 46. Kg2 Bd6 47. Bd4
Kg8 48. Bc3 Rb3 49. Bd2 Rb2 50. Bc3 Rc2 51. Be1 Be5 52. Kf3 Kf7 53. Nd8+ Ke8 54.
Nb7 Rc7 55. Na5 Rc1 56. Bd2 Rc2 57. Bb4 Rb2 58. Be1 Rb1 59. Bd2 Rb2 60. Be1 Rc2
61. Nb3 Kd7 62. Ke4 Ke6 63. Kd3 Rb2 64. Nd2 Ra2 65. Nf3 h5 66. e4 Ra3+ 67. Ke2
Bc3 68. Bxc3 Rxc3 69. Nd2 Ke5 70. f3 Kd4 71. g4 hxg4 72. fxg4 Re3+ 73. Kf2 Kd3
74. Nf1 Rxe4 75. Kg3 Ke2 76. Nh2 Re3+ 77. Kg2 Rb3 78. g5 fxg5 79. hxg5 g6 80.
Ng4 Rb5 81. Kg3 Rxg5 82. Kf4 Rf5+ 83. Ke4 Rf8 84. Ne5 g5 85. Nd7 Rf4+ 86. Ke5
Kf3 87. Kd5 g4 0-1

[Event "Mondiale Lampo FIDE 2019"]
[Site "Mosca"]
[Date "30.12.2019"]
[Round "20.80"]
[White "Tran, Tuan Minh"]
[Black "Deviatkin, Andrei"]
[Result "1-0"]
[WhiteTitle "GM"]
[BlackTitle "GM"]
[WhiteElo "2529"]
[BlackElo "2436"]
[WhiteFideId "12401820"]
[BlackFideId "4121260"]
[EventDate "2019.12.29"]

1. c4 c6 2. d4 d5 3. Nf3 Nf6 4. e3 Bf5 5. Nc3 e6 6. Nh4 Bg6 7. Be2 Nbd7 8. Bd2
Bd6 9. Nxg6 hxg6 10. h3 dxc4 11. Bxc4 Qe7 12. Qb3 Nb6 13. Be2 e5 14. dxe5 Bxe5
15. O-O-O O-O-O 16. Rhe1 Kb8 17. Kb1 Rd7 18. Bc1 Rhd8 19. Rxd7 Rxd7 20. f3 Bg3
21. Rd1 Rxd1 22. Qxd1 Nfd5 23. Nxd5 Nxd5 24. Bc4 Nb6 25. Bb3 g5 26. Qd3 Be5 27.
Qf5 f6 28. f4 gxf4 29. exf4 Bd4 30. Qd3 c5 31. h4 a6 32. h5 Qe1 33. g4 Qh1 34.
Qd1 Qe4+ 35. Bc2 Qg2 36. Bb3 Qe4+ 37. Qc2 Qh1 38. Qd1 Qe4+ 39. Bc2 Qg2 40. g5
Nc4 41. h6 gxh6 42. gxh6 f5 43. h7 Qh3 44. Qd3 Qxh7 45. Qxc4 Qg7 46. Qd3 1-0

[Event "Mondiale Lampo FIDE 2019"]
[Site "Mosca"]
[Date "30.12.2019"]
[Round "20.81"]
[White "Lobanov, Sergei"]
[Black "Donchenko, Alexander"]
[Result "0-1"]
[WhiteTitle "IM"]
[BlackTitle "GM"]
[WhiteElo "2504"]
[BlackElo "2644"]
[WhiteFideId "24183750"]
[BlackFideId "24603295"]
[EventDate "2019.12.29"]

1. e4 c6 2. d4 d5 3. e5 c5 4. Nf3 Nc6 5. dxc5 e6 6. c4 d4 7. Bd3 Bxc5 8. O-O
Nge7 9. a3 a5 10. b3 Ng6 11. Re1 O-O 12. Qc2 Bb6 13. Bg5 Qe8 14. Nbd2 Bc7 15.
Bxg6 fxg6 16. Bh4 b6 17. Bg3 Bb7 18. Qd3 Rf5 19. Nh4 Rf7 20. Nhf3 Rf5 21. Nh4
Nxe5 22. Qxd4 Rd8 23. Nxf5 Rxd4 24. Nxd4 Qd7 25. Bxe5 Bxe5 26. Rxe5 Qxd4 27.
Rae1 Qxd2 28. Rxe6 Qg5 29. f3 h6 30. Kf1 Qc5 31. Re7 Bc8 32. R1e5 Qxa3 33. Re8+
Kh7 34. Rxc8 Qxb3 35. c5 Qd1+ 36. Re1 Qd3+ 37. Kg1 bxc5 38. Ra8 Qd4+ 39. Kf1 a4
40. Rc1 Qd3+ 41. Ke1 Qe3+ 42. Kd1 Qg1+ 43. Kc2 Qxg2+ 44. Kb1 Qxf3 45. Rxa4 Qb3+ 0-1

[Event "Mondiale Lampo FIDE 2019"]
[Site "Mosca"]
[Date "30.12.2019"]
[Round "20.82"]
[White "Batchuluun, Tsegmed"]
[Black "Galkin, Alexander"]
[Result "1/2-1/2"]
[WhiteTitle "GM"]
[BlackTitle "GM"]
[WhiteElo "2530"]
[BlackElo "2611"]
[WhiteFideId "4900847"]
[BlackFideId "4120426"]
[EventDate "2019.12.29"]

1. d4 d5 2. c4 e6 3. Nf3 c6 4. Nbd2 f5 5. g3 Nf6 6. Bg2 Bd6 7. Ne5 O-O 8. O-O
Qe7 9. Ndf3 b6 10. Qc2 Bb7 11. b3 Nbd7 12. Bb2 Rac8 13. Rac1 Ne4 14. Nxd7 Qxd7
15. Ne5 Qe7 16. f3 Nf6 17. cxd5 cxd5 18. Qd3 Nd7 19. Nxd7 Qxd7 20. e3 Rxc1 21.
Rxc1 Rc8 22. Rxc8+ Qxc8 23. Qc3 1/2-1/2

[Event "Mondiale Lampo FIDE 2019"]
[Site "Mosca"]
[Date "30.12.2019"]
[Round "20.83"]
[White "Guimaraes, Diogo Duarte"]
[Black "Dragnev, Valentin"]
[Result "0-1"]
[WhiteTitle "FM"]
[BlackTitle "GM"]
[WhiteElo "2322"]
[BlackElo "2553"]
[WhiteFideId "2112450"]
[BlackFideId "1634852"]
[EventDate "2019.12.29"]

1. e4 e5 2. Nf3 d6 3. d4 exd4 4. Nxd4 Nf6 5. Nc3 Be7 6. Bc4 O-O 7. Bb3 Re8 8.
O-O Bf8 9. Re1 Nbd7 10. Bg5 h6 11. Bh4 c6 12. h3 Ne5 13. a4 a5 14. Qd2 Ng6 15.
Bg3 Nh5 16. Bh2 Qg5 17. Qxg5 hxg5 18. Nf3 g4 19. Ng5 Nh8 20. hxg4 Bxg4 21. f3
Be6 22. Nxe6 fxe6 23. Rad1 Nf7 24. g4 Nf6 25. Bf4 d5 26. Kg2 Nd7 27. Rh1 Nc5 28.
Ba2 Rad8 29. Bc7 Ra8 30. Rh5 g6 31. Rhh1 Bg7 32. exd5 exd5 33. Nxd5 cxd5 34.
Rxd5 Ne6 35. Bxa5 Nf4+ 36. Kf1 Nxd5 37. Bxd5 Rxa5 38. Bb3 0-1